Výchova k jakosti ve školách
Obsah pojmu akosť. Požiadavky na akosť. Výchova k akosti na školách rôzneho stupňa. Skúsenosti zo zahraničných škôl. Výučba predmetov v odbore starostlivosti o akosť. Zabezpečenie akosti všetkých činností a procesov na škole.
Salvato in:
| Autore principale: | |
|---|---|
| Natura: | Capitolo di libro |
| Lingua: | ceco |
| Soggetti: | |
| Tags: |
Nessun Tag, puoi essere il primo ad aggiungerne!!
|
MARC
| LEADER | 00000naa a2200000 4500 | ||
|---|---|---|---|
| 001 | r030833 | ||
| 005 | 20230525070007.5 | ||
| 041 | 0 | |a cze | |
| 044 | |a CZ | ||
| 245 | 1 | 0 | |a Výchova k jakosti ve školách |c Vladimír Votápek |
| 520 | |a Obsah pojmu akosť. Požiadavky na akosť. Výchova k akosti na školách rôzneho stupňa. Skúsenosti zo zahraničných škôl. Výučba predmetov v odbore starostlivosti o akosť. Zabezpečenie akosti všetkých činností a procesov na škole. | ||
| 610 | 2 | 0 | |a kvalita |
| 610 | 2 | 0 | |a kvalita práce |
| 610 | 2 | 0 | |a kvalita výrobkov |
| 610 | 2 | 0 | |a riadenie kvality |
| 610 | 2 | 0 | |a výchova |
| 610 | 2 | 0 | |a školy |
| 610 | 2 | 0 | |a systém riadenia kvality |
| 610 | 2 | 0 | |a certifikácia |
| 610 | 2 | 0 | |a ISO |
| 610 | 2 | 0 | |a Česko |
| 100 | 1 | |a Votápek, Vladimír | |